| 000 | 01744nam a2200253Ia 4500 | ||
|---|---|---|---|
| 003 | Ost | ||
| 005 | 20260507075353.0 | ||
| 008 | 260507s9999||||xx |||||||||||||| ||und|| | ||
| 020 | _a96855599579 | ||
| 040 | _cfsecg | ||
| 041 | _aara | ||
| 082 | _a330 | ||
| 100 |
_aعلي، عزام محمد _eمؤلف |
||
| 245 | 0 |
_aتحليل النظم الإقتصادية العالمية / _c عزام محمد علي |
|
| 260 |
_aعمان: _bدار غيداء للنشر والتوزيع, _c2013 |
||
| 300 |
_a292 صفحة؛ _bإيضاحات ؛ _c24 سم |
||
| 504 | _aالمراجع ص.281 | ||
| 520 | _aنظريات التنمية الإقتصادية- صعوبات في طريقة البحث العلمي الجاد، الإقتصاد نموذجا- العلم الإجتماعي الذي يهتم بتحليل الانشطة التجارية- ابن خلدون وعلم الإقتصاد-الإنتاج الصناعي في الوطن العربي- الآثار الإجتماعية والإقتصادية للبطالة في الوطن العربي- البنك الدولي- الشركات متعددة الجنسيات- تحليل الإقتصاد في الولايات المتحدة الامريكية- تحليل الإقتصاد في اليابان- تحليل لنظم الإقتصاد الإسلامي- تحليل للتطور الإقتصادي في البلاد النامية- التحليل الإقتصادي للنمور الآسيوية بين الأزمة والإنهيار | ||
| 653 | _aالأنظمة الإقتصادية | ||
| 653 | _aالتحليل الإقتصادي | ||
| 653 | _aالنظام الإقتصادي العالمي | ||
| 700 |
_aفاروز، محمود علي _eمؤلف ثانوي |
||
| 942 | _cكتاب | ||
| 999 |
_c44175 _d44175 |
||